[Event "26. Copenhagen Open  (Politiken Cup)"]
[Site "Taastrup"]
[Date "2004.07.28"]
[Round "6"]
[White "Asberg, Anders"]
[Black "Ringsborg, Allan"]
[Result "1-0"]
[WhiteElo "1886"]
[BlackElo "1747"]
[PlyCount "39"]
[EventDate "2004.07.24"]
[EventType "swiss"]
[EventRounds "10"]
[EventCountry "DEN"]
[SourceDate "2004.01.01"]

1. e4 e5 2. Nc3 Bc5 3. f4 d6 4. Nf3 Nc6 5. Bc4 Bg4 6. Na4 Nd4 7. h4 Qd7 8. Nxc5
dxc5 9. c3 Nc6 10. d3 Nf6 11. fxe5 Nxe5 12. Nxe5 Bxd1 13. Nxd7 Ng4 14. Nxc5 b6
15. Na6 O-O-O 16. a4 c5 17. Rf1 Bc2 18. Rxf7 Rdf8 19. Be6+ Kd8 20. Rd7+ 1-0

[Event "26. Copenhagen Open  (Politiken Cup)"]
[Site "Taastrup"]
[Date "2004.07.28"]
[Round "6"]
[White "Auchenberg, Per"]
[Black "Bleis, Christian"]
[Result "1/2-1/2"]
[WhiteElo "2082"]
[BlackElo "2261"]
[PlyCount "30"]
[EventDate "2004.07.24"]
[EventType "swiss"]
[EventRounds "10"]
[EventCountry "DEN"]
[SourceDate "2004.01.01"]

1. e4 c5 2. Nf3 d6 3. d4 cxd4 4. Nxd4 Nf6 5. Nc3 g6 6. Bd3 Bg7 7. O-O O-O 8.
Kh1 e5 9. Nf3 d5 10. Bg5 d4 11. Nd5 Qd6 12. Nxe5 Nxd5 13. Nc4 Qc5 14. exd5 Qxd5
15. Qd2 Nc6 1/2-1/2

[Event "26. Copenhagen Open  (Politiken Cup)"]
[Site "Taastrup"]
[Date "2004.07.28"]
[Round "6"]
[White "Bach, Matthias"]
[Black "Aabling Thomsen, Jakob"]
[Result "1/2-1/2"]
[WhiteElo "2354"]
[BlackElo "2139"]
[PlyCount "90"]
[EventDate "2004.07.24"]
[EventType "swiss"]
[EventRounds "10"]
[EventCountry "DEN"]
[SourceDate "2004.01.01"]

1. d4 Nf6 2. c4 e6 3. Nf3 b6 4. g3 Ba6 5. Qa4 Bb7 6. Bg2 c5 7. dxc5 Bxc5 8. O-O
O-O 9. Bf4 d5 10. Ne5 Qe7 11. Nc3 dxc4 12. Bxb7 Qxb7 13. Nxc4 a6 14. Nd6 Qe7
15. Nde4 Nbd7 16. Rac1 b5 17. Qb3 h6 18. Nxc5 Qxc5 19. Rfd1 Qh5 20. f3 e5 21.
Be3 e4 22. Nxe4 Nxe4 23. Rxd7 Nf6 24. Rd2 Rfe8 25. Bf2 Nh7 26. Rc5 Qh3 27. Rc7
Re6 28. Qd1 Rae8 29. e4 Ng5 30. Be3 Nh7 31. Rd8 Qh5 32. Rc5 Qg6 33. Rc6 Nf6 34.
Rxe6 fxe6 35. Qd6 Kh7 36. Rxe8 Qxe8 37. Qxa6 Qd7 38. Kg2 Qd3 39. Bf2 Nxe4 40.
Qxe6 Nd2 41. g4 Qxf3+ 42. Kg1 Qd1+ 43. Kg2 Qf1+ 44. Kg3 Qd3+ 45. Kg2 Qf3+
1/2-1/2

[Event "26. Copenhagen Open  (Politiken Cup)"]
[Site "Taastrup"]
[Date "2004.07.28"]
[Round "6"]
[White "Bindzus, Niels"]
[Black "Laato, Samuli"]
[Result "1-0"]
[WhiteElo "2011"]
[BlackElo "1667"]
[PlyCount "75"]
[EventDate "2004.07.24"]
[EventType "swiss"]
[EventRounds "10"]
[EventCountry "DEN"]
[SourceDate "2004.01.01"]

1. e4 c5 2. Nf3 d6 3. d4 cxd4 4. Nxd4 Nf6 5. Nc3 a6 6. Be2 e5 7. Nb3 Be7 8. a4
O-O 9. Be3 Nc6 10. O-O Be6 11. Qd2 Qc7 12. Rad1 Rac8 13. Nd5 Bxd5 14. exd5 Nb8
15. c4 Nbd7 16. f3 Ne8 17. Rc1 f5 18. f4 exf4 19. Bxf4 Nc5 20. Nxc5 Qxc5+ 21.
Kh1 Bf6 22. Be3 Qc7 23. Rxf5 Qd7 24. Bg4 Qxa4 25. Rf4 Rc7 26. Be6+ Kh8 27. Bb6
Re7 28. Bd8 Rxe6 29. dxe6 Qc6 30. Bxf6 Nxf6 31. e7 Re8 32. Re1 Qc7 33. Qe2 d5
34. Rxf6 gxf6 35. cxd5 Qd6 36. Qe6 Qxe6 37. Rxe6 Kg8 38. d6 1-0

[Event "26. Copenhagen Open  (Politiken Cup)"]
[Site "Taastrup"]
[Date "2004.07.28"]
[Round "6"]
[White "Bjarnason, Saevar"]
[Black "Nielsen, Jens Holm"]
[Result "1-0"]
[WhiteElo "2318"]
[BlackElo "2068"]
[PlyCount "53"]
[EventDate "2004.07.24"]
[EventType "swiss"]
[EventRounds "10"]
[EventCountry "DEN"]
[SourceDate "2004.01.01"]

1. e4 Nc6 2. Nf3 f5 3. exf5 d5 4. d4 Bxf5 5. Bb5 a6 6. Bxc6+ bxc6 7. Ne5 Qd6 8.
O-O c5 9. c3 Qb6 10. Qf3 e6 11. g4 Bg6 12. dxc5 Bxc5 13. Be3 O-O-O 14. Nd2 Rf8
15. Qxf8+ Bxf8 16. Bxb6 cxb6 17. Nxg6 hxg6 18. Rfe1 Bd6 19. Rxe6 Bxh2+ 20. Kg2
Bf4 21. Nf3 Nf6 22. Rxb6 g5 23. Rh1 Re8 24. Re1 Rh8 25. Re7 Nxg4 26. Rxa6 Kb8
27. Rxg7 1-0

[Event "26. Copenhagen Open  (Politiken Cup)"]
[Site "Taastrup"]
[Date "2004.07.28"]
[Round "6"]
[White "Borchgrevink, Harald"]
[Black "Bjornsson, Sigurbjorn"]
[Result "1-0"]
[WhiteElo "2227"]
[BlackElo "2315"]
[PlyCount "65"]
[EventDate "2004.07.24"]
[EventType "swiss"]
[EventRounds "10"]
[EventCountry "DEN"]
[SourceDate "2004.01.01"]

1. d4 Nf6 2. c4 e6 3. Nf3 d5 4. Nc3 Be7 5. Bg5 O-O 6. e3 h6 7. Bh4 b6 8. cxd5
exd5 9. Bd3 Be6 10. O-O c5 11. Ne5 Nfd7 12. Bxe7 Qxe7 13. f4 Nxe5 14. dxe5 f5
15. Qf3 Qf7 16. Bc4 dxc4 17. Qxa8 Na6 18. Qf3 Rd8 19. Rad1 Rd3 20. Rxd3 cxd3
21. e4 c4 22. exf5 Bxf5 23. Ne4 Qe6 24. Nd6 Nb4 25. h3 d2 26. Rd1 Bd3 27. Rxd2
Nxa2 28. Qa8+ Kh7 29. Qxa7 Nc1 30. Qxb6 Ne2+ 31. Rxe2 Bxe2 32. Qe3 Bd3 33. b3
1-0

[Event "26. Copenhagen Open  (Politiken Cup)"]
[Site "Taastrup"]
[Date "2004.07.28"]
[Round "6"]
[White "Brasoy, Aksel"]
[Black "Holstein, Erik"]
[Result "1/2-1/2"]
[WhiteElo "2004"]
[BlackElo "2103"]
[PlyCount "46"]
[EventDate "2004.07.24"]
[EventType "swiss"]
[EventRounds "10"]
[EventCountry "DEN"]
[SourceDate "2004.01.01"]

1. d4 f5 2. c4 d6 3. g3 g6 4. Bg2 Bg7 5. Nf3 Nf6 6. O-O O-O 7. Nc3 Nc6 8. d5
Ne5 9. Nxe5 dxe5 10. c5 h6 11. Qb3 g5 12. d6+ Kh8 13. c6 bxc6 14. Bxc6 Bd7 15.
Bxa8 Qxa8 16. dxc7 f4 17. f3 Qc6 18. Qb4 Bh3 19. Rd1 Qxc7 20. Ne4 g4 21. Qc5
Qb7 22. Nxf6 Bxf6 23. Qf2 h5 1/2-1/2

[Event "26. Copenhagen Open  (Politiken Cup)"]
[Site "Taastrup"]
[Date "2004.07.28"]
[Round "6"]
[White "Bromann, Thorbjorn"]
[Black "Sammalvuo, Tapani"]
[Result "1/2-1/2"]
[WhiteElo "2348"]
[BlackElo "2445"]
[PlyCount "72"]
[EventDate "2004.07.24"]
[EventType "swiss"]
[EventRounds "10"]
[EventCountry "DEN"]
[SourceDate "2004.01.01"]

1. c4 Nf6 2. g3 e6 3. Bg2 d5 4. Nf3 Be7 5. O-O O-O 6. Qc2 c5 7. d4 cxd4 8. Nxd4
Nc6 9. Nxc6 bxc6 10. Rd1 Qb6 11. Nc3 Ba6 12. Be3 Qb7 13. cxd5 cxd5 14. Bd4 Rac8
15. Qb3 Bc5 16. e3 Bxd4 17. Rxd4 Rb8 18. Ra4 Qxb3 19. axb3 Bd3 20. R1a3 Bc2 21.
Rxa7 Bxb3 22. Bf1 Bc2 23. Ra2 Rb4 24. R7a5 g6 25. Rb5 Rb8 26. Rxb8+ Rxb8 27.
Nb5 Ne4 28. b4 Bb3 29. Rb2 Bc4 30. Na3 Nd6 31. Bxc4 Nxc4 32. Nxc4 dxc4 33. Kf1
c3 34. Rc2 Rxb4 35. Rxc3 Rb1+ 36. Kg2 Kg7 1/2-1/2

[Event "26. Copenhagen Open  (Politiken Cup)"]
[Site "Taastrup"]
[Date "2004.07.28"]
[Round "6"]
[White "Brondum, Eric"]
[Black "Helin, Mikael"]
[Result "1-0"]
[WhiteElo "2209"]
[BlackElo "1939"]
[PlyCount "127"]
[EventDate "2004.07.24"]
[EventType "swiss"]
[EventRounds "10"]
[EventCountry "DEN"]
[SourceDate "2004.01.01"]

1. d4 g6 2. c4 d6 3. Nc3 Bg7 4. e4 Nc6 5. Nf3 e5 6. Be3 Nh6 7. dxe5 dxe5 8.
Qxd8+ Nxd8 9. Nd5 Ne6 10. Ng5 Kd7 11. Nxe6 fxe6 12. Nc3 Ng4 13. Bd2 c5 14. f3
Nf6 15. O-O-O Kc6 16. Bd3 Rf8 17. Bc2 a6 18. Ba4+ Kc7 19. Be3 b6 20. Rd2 Bb7
21. Rhd1 Rfd8 22. a3 Rxd2 23. Rxd2 h6 24. Kc2 Bf8 25. Rd1 Bc6 26. Bxc6 Kxc6 27.
Rb1 b5 28. b3 g5 29. cxb5+ axb5 30. a4 b4 31. Nd1 Nd7 32. Nb2 Nb6 33. Ra1 Nd7
34. Nc4 Be7 35. Rd1 Ra7 36. g4 Kc7 37. Bf2 Ra6 38. Bg3 Bf6 39. Rd2 Bg7 40. Rd1
Bf6 41. Bf2 Be7 42. h3 Bf6 43. Be3 Be7 44. h4 Bf6 45. hxg5 hxg5 46. Rh1 Ra8 47.
Rh7 Rh8 48. Rxh8 Bxh8 49. Bxg5 Bg7 50. Be3 Kc6 51. Kd3 Nf8 52. Bf2 Ng6 53. Bg3
Bf6 54. Nb2 Nf4+ 55. Bxf4 exf4 56. Nc4 Bg7 57. g5 e5 58. Nb2 Kb6 59. Kc4 Kc6
60. Nd3 Kd6 61. Nxc5 Ke7 62. a5 Kd6 63. a6 Kc7 64. a7 1-0

[Event "26. Copenhagen Open  (Politiken Cup)"]
[Site "Taastrup"]
[Date "2004.07.28"]
[Round "6"]
[White "Bronnum, Jan"]
[Black "Buchkremer, Felix"]
[Result "1-0"]
[WhiteElo "2202"]
[BlackElo "2046"]
[PlyCount "55"]
[EventDate "2004.07.24"]
[EventType "swiss"]
[EventRounds "10"]
[EventCountry "DEN"]
[SourceDate "2004.01.01"]

1. d4 f5 2. e4 fxe4 3. Nc3 Nf6 4. Bg5 Nc6 5. d5 Ne5 6. Qd4 Nf7 7. Bxf6 exf6 8.
Nxe4 f5 9. Ng3 g6 10. h4 Qe7+ 11. Be2 d6 12. f4 Bh6 13. Nf3 O-O 14. c3 Bg7 15.
Qd2 h5 16. O-O Bd7 17. Rae1 Rae8 18. Ba6 Qd8 19. Bxb7 Qb8 20. Bc6 Bxc6 21. dxc6
Qb6+ 22. Nd4 Bf6 23. Kh2 Rxe1 24. Rxe1 Bxh4 25. Re6 Kh7 26. Ngxf5 gxf5 27. Qe2
Rh8 28. Nxf5 1-0

[Event "26. Copenhagen Open  (Politiken Cup)"]
[Site "Taastrup"]
[Date "2004.07.28"]
[Round "6"]
[White "Brorsen, Jacob Abildlund"]
[Black "Sandbech, Ted"]
[Result "1/2-1/2"]
[WhiteElo "1530"]
[BlackElo "1839"]
[PlyCount "105"]
[EventDate "2004.07.24"]
[EventType "swiss"]
[EventRounds "10"]
[EventCountry "DEN"]
[SourceDate "2004.01.01"]

1. f4 d5 2. Nf3 c5 3. g3 Nc6 4. Bg2 Nf6 5. d3 e6 6. c3 Be7 7. O-O O-O 8. Qc2 d4
9. Na3 Bd7 10. Nc4 Rc8 11. a4 Nd5 12. e4 dxe3 13. Nxe3 Bf6 14. Re1 Nxe3 15.
Bxe3 Nd4 16. Qf2 Nxf3+ 17. Bxf3 b6 18. Red1 Qe8 19. a5 Ba4 20. Rd2 Be7 21. axb6
axb6 22. d4 Bc6 23. d5 exd5 24. Bxd5 Bxd5 25. Rxd5 Qc6 26. Qg2 Bf6 27. Ra7 Ra8
28. Rdd7 Qxg2+ 29. Kxg2 Rxa7 30. Rxa7 Rb8 31. Kf3 Kf8 32. Ke2 Re8 33. Rb7 Bd8
34. Kd3 c4+ 35. Kd2 Re6 36. Rb8 Ke8 37. Rc8 Rh6 38. Bg1 b5 39. Rc5 Bb6 40. Re5+
Kd7 41. Bxb6 Rxb6 42. Rh5 h6 43. Re5 Rd6+ 44. Kc2 Kc6 45. Re7 Rf6 46. b3 g5 47.
Re4 gxf4 48. gxf4 Kc5 49. bxc4 bxc4 50. Re5+ Kd6 51. Re4 Kd5 52. Re5+ Kd6 53.
Re4 1/2-1/2

[Event "26. Copenhagen Open  (Politiken Cup)"]
[Site "Taastrup"]
[Date "2004.07.28"]
[Round "6"]
[White "Carlsen, Ellen Oen"]
[Black "Auchenberg, Einar"]
[Result "1-0"]
[WhiteElo "1183"]
[BlackElo "1486"]
[PlyCount "67"]
[EventDate "2004.07.24"]
[EventType "swiss"]
[EventRounds "10"]
[EventCountry "DEN"]
[SourceDate "2004.01.01"]

1. e4 e5 2. Nf3 Nc6 3. Bb5 a6 4. Bxc6 dxc6 5. Nc3 Bd6 6. d4 exd4 7. Qxd4 Qe7 8.
Qxg7 Bf5 9. O-O Qf6 10. Qxf6 Nxf6 11. exf5 O-O 12. Bg5 Ng4 13. Rfe1 f6 14. Bh4
Nh6 15. Ne4 Kg7 16. Bg3 Bxg3 17. Nxg3 Rf7 18. Re6 Ng8 19. Rae1 Rd8 20. h3 Rdd7
21. Nh5+ Kh8 22. Re8 Rde7 23. R1xe7 Rxe7 24. Nxf6 Kg7 25. Nh5+ Kf7 26. Rb8 h6
27. Rxb7 Nf6 28. Nxf6 Kxf6 29. g4 h5 30. Kf1 Re4 31. Rxc7 hxg4 32. hxg4 Rxg4
33. Rxc6+ Kxf5 34. Rxa6 1-0

[Event "26. Copenhagen Open  (Politiken Cup)"]
[Site "Taastrup"]
[Date "2004.07.28"]
[Round "6"]
[White "Christensen, Janus"]
[Black "Romsdal, Trond"]
[Result "0-1"]
[WhiteElo "2054"]
[BlackElo "2212"]
[PlyCount "78"]
[EventDate "2004.07.24"]
[EventType "swiss"]
[EventRounds "10"]
[EventCountry "DEN"]
[SourceDate "2004.01.01"]

1. e4 c5 2. c3 d5 3. exd5 Qxd5 4. d4 Nf6 5. Nf3 Bg4 6. Be2 e6 7. O-O Nc6 8. Be3
cxd4 9. cxd4 Be7 10. Nc3 Qa5 11. a3 O-O 12. b4 Qd8 13. Rc1 Qd6 14. Qb3 Rfd8 15.
Rfd1 Nd5 16. Ne4 Qb8 17. b5 Na5 18. Qa4 b6 19. h3 Bh5 20. Bd2 Nf4 21. Bxf4 Qxf4
22. Ng3 Bg6 23. Ne5 Bf6 24. Bf3 Bxe5 25. Bxa8 Rxa8 26. Qb4 Bd6 27. Qc3 h6 28.
d5 e5 29. Ne2 Qa4 30. Qg3 Rd8 31. f4 exf4 32. Qh4 Re8 33. Nd4 Qxa3 34. Nc6 Re2
35. Nxa5 bxa5 36. Rc8+ Kh7 37. Qd8 Bc5+ 38. Rxc5 Qg3 39. Kf1 Qxg2# 0-1

[Event "26. Copenhagen Open  (Politiken Cup)"]
[Site "Taastrup"]
[Date "2004.07.28"]
[Round "6"]
[White "Eddy, Samuel"]
[Black "Thomsen, Peter"]
[Result "1-0"]
[WhiteElo "2048"]
[BlackElo "1631"]
[PlyCount "91"]
[EventDate "2004.07.24"]
[EventType "swiss"]
[EventRounds "10"]
[EventCountry "DEN"]
[SourceDate "2004.01.01"]

1. d4 Nf6 2. Nc3 d5 3. Bg5 Bf5 4. f3 h6 5. Bxf6 gxf6 6. e4 dxe4 7. fxe4 Bg6 8.
Bd3 Nc6 9. Nge2 Bh5 10. Qd2 Nb4 11. Bc4 e6 12. O-O-O Rg8 13. Rhg1 Rg5 14. h3
Qd7 15. g4 Bg6 16. a3 Qc6 17. Bb3 Na6 18. d5 Qd6 19. Ba4+ Ke7 20. Nb5 Qd7 21.
Qe3 Re5 22. Nec3 exd5 23. Nxd5+ Rxd5 24. exd5+ Kd8 25. d6 c6 26. Nxa7 Be4 27.
Qb6+ Ke8 28. Rge1 f5 29. Nxc6 Nc5 30. Bb5 Rc8 31. Nd4 Nb3+ 32. Kb1 Nxd4 33.
Rxd4 Rc6 34. Rdxe4+ fxe4 35. Rxe4+ Be7 36. Rxe7+ Qxe7 37. dxe7 Kxe7 38. Qxb7+
Kf6 39. Qxc6+ Ke5 40. Ka1 Kf4 41. Kb1 Ke5 42. Kc1 Kf4 43. Qg2 Ke5 44. Bd3 Kd4
45. Qe4+ Kc5 46. b4+ 1-0

[Event "26. Copenhagen Open  (Politiken Cup)"]
[Site "Taastrup"]
[Date "2004.07.28"]
[Round "6"]
[White "Eiholt, Bjarne"]
[Black "Lovik, Lasse Ostebo"]
[Result "0-1"]
[WhiteElo "1542"]
[BlackElo "1267"]
[PlyCount "50"]
[EventDate "2004.07.24"]
[EventType "swiss"]
[EventRounds "10"]
[EventCountry "DEN"]
[SourceDate "2004.01.01"]

1. d4 Nf6 2. c4 d6 3. Nc3 g6 4. Bf4 Bg7 5. h3 Nbd7 6. Nf3 c5 7. e3 Qa5 8. Be2
Ne4 9. Qa4 Qxa4 10. Nxa4 O-O 11. O-O e5 12. dxe5 dxe5 13. Bh2 f5 14. Rfd1 f4
15. exf4 exf4 16. Nd2 Nxd2 17. Rxd2 Bd4 18. Rb1 Nf6 19. b4 Ne4 20. Rd3 Bxf2+
21. Kh1 Be3 22. Rf1 Nf2+ 23. Rxf2 Bxf2 24. Nxc5 Bf5 25. Ra3 Rae8 0-1

[Event "26. Copenhagen Open  (Politiken Cup)"]
[Site "Taastrup"]
[Date "2004.07.28"]
[Round "6"]
[White "Engelbert, Christoph"]
[Black "Gullaksen, Eirik T"]
[Result "1/2-1/2"]
[WhiteElo "2213"]
[BlackElo "2390"]
[PlyCount "68"]
[EventDate "2004.07.24"]
[EventType "swiss"]
[EventRounds "10"]
[EventCountry "DEN"]
[SourceDate "2004.01.01"]

1. e4 c5 2. c3 d6 3. d4 Nf6 4. dxc5 Nc6 5. f3 d5 6. exd5 Nxd5 7. Bc4 e6 8. Bxd5
exd5 9. Be3 Be7 10. Ne2 O-O 11. O-O Re8 12. Qd2 Ne5 13. Na3 b6 14. Nf4 Bb7 15.
Rad1 Bf8 16. Qf2 Qb8 17. Kh1 bxc5 18. Nxd5 c4 19. Qg3 Bxd5 20. Rxd5 Bxa3 21.
bxa3 Nd3 22. Bd4 Qxg3 23. hxg3 Rab8 24. a4 Rb2 25. Rb5 Rxa2 26. Rfb1 h5 27. Rb8
Rxb8 28. Rxb8+ Kh7 29. Rb7 Kg6 30. Rxa7 Ne1 31. Re7 Nc2 32. Re4 Rxa4 33. Bc5
Ra8 34. Kg1 Rc8 1/2-1/2

[Event "26. Copenhagen Open  (Politiken Cup)"]
[Site "Taastrup"]
[Date "2004.07.28"]
[Round "6"]
[White "Erikstad, Olav"]
[Black "Hansen, Martin"]
[Result "1-0"]
[WhiteElo "1503"]
[BlackElo "1732"]
[PlyCount "43"]
[EventDate "2004.07.24"]
[EventType "swiss"]
[EventRounds "10"]
[EventCountry "DEN"]
[SourceDate "2004.01.01"]

1. e4 e6 2. d4 d5 3. e5 c5 4. c3 Nc6 5. Nf3 Qb6 6. Bd3 cxd4 7. cxd4 Bd7 8. O-O
Nxd4 9. Nxd4 Qxd4 10. Nc3 a6 11. Qe2 Ne7 12. Kh1 Ng6 13. f4 Be7 14. a3 Qc5 15.
Bd2 O-O 16. Rf3 f5 17. exf6 Bxf6 18. Rh3 e5 19. f5 e4 20. Nxe4 dxe4 21. Bc4+
Kh8 22. Rxh7+ 1-0

[Event "26. Copenhagen Open  (Politiken Cup)"]
[Site "Taastrup"]
[Date "2004.07.28"]
[Round "6"]
[White "Fant, Goran"]
[Black "Jacobsen, Hans Endrup"]
[Result "1-0"]
[WhiteElo "1997"]
[BlackElo "2102"]
[PlyCount "153"]
[EventDate "2004.07.24"]
[EventType "swiss"]
[EventRounds "10"]
[EventCountry "DEN"]
[SourceDate "2004.01.01"]

1. d4 Nf6 2. c4 e6 3. Nc3 Bb4 4. e3 Bxc3+ 5. bxc3 d6 6. Ba3 O-O 7. Bd3 Re8 8.
Nf3 e5 9. dxe5 dxe5 10. Nxe5 Nbd7 11. Nf3 c5 12. Qc2 b6 13. Rd1 Bb7 14. O-O Qc7
15. Bc1 Ne4 16. Ne1 h6 17. f3 Nd6 18. e4 Ne5 19. Bf4 f6 20. Be2 Qe7 21. Qa4 Bc6
22. Qb3 f5 23. Nc2 fxe4 24. Bxe5 Qxe5 25. f4 Qf6 26. f5 Rad8 27. Ne3 Qg5 28.
Nd5 Bxd5 29. Rxd5 Qe3+ 30. Rf2 Qc1+ 31. Rd1 Qg5 32. Rd5 e3 33. Rf3 Qf6 34. Qa4
Re7 35. Qc2 Re5 36. Qd3 Rxd5 37. Qxd5+ Kh7 38. Rxe3 Nf7 39. Qe6 Rd6 40. Qxf6
Rxf6 41. Re7 a5 42. Bh5 Nh8 43. Bf3 h5 44. Bd5 Kh6 45. Re6 Kg5 46. Re7 Kxf5 47.
Rxg7 Ng6 48. g3 Ne5 49. Kg2 Ng4 50. Re7 Ne5 51. h3 Rg6 52. Kh2 Rf6 53. Rh7 Kg5
54. Kg2 Rd6 55. Kf2 Rf6+ 56. Ke2 Rf8 57. Be4 Rf6 58. Rg7+ Kh6 59. Re7 Nf7 60.
h4 Kg7 61. Bd5 Kg6 62. Bxf7+ Rxf7 63. Rxf7 Kxf7 64. Ke3 Ke7 65. Kf4 Kf6 66. g4
hxg4 67. Kxg4 Kg6 68. a4 Kh6 69. h5 Kh7 70. Kg5 Kg7 71. h6+ Kh7 72. Kh5 Kh8 73.
Kg6 Kg8 74. h7+ Kh8 75. Kh6 b5 76. cxb5 c4 77. Kg5 1-0

[Event "26. Copenhagen Open  (Politiken Cup)"]
[Site "Taastrup"]
[Date "2004.07.28"]
[Round "6"]
[White "Fjellheim, Marius"]
[Black "Zyde, Fadmal"]
[Result "0-1"]
[WhiteElo "1237"]
[BlackElo "1522"]
[PlyCount "74"]
[EventDate "2004.07.24"]
[EventType "swiss"]
[EventRounds "10"]
[EventCountry "DEN"]
[SourceDate "2004.01.01"]

1. d4 d5 2. Nf3 Nc6 3. e3 Nf6 4. c3 Bg4 5. c4 e5 6. cxd5 Qxd5 7. Nc3 Bb4 8. Bd2
Bxc3 9. bxc3 e4 10. c4 Qh5 11. d5 Nxd5 12. cxd5 Qxd5 13. Qa4 Bxf3 14. gxf3
O-O-O 15. Rd1 Ne5 16. Be2 exf3 17. Bf1 Nd3+ 18. Bxd3 Qxd3 19. Qg4+ Kb8 20. Qxf3
Rd7 21. Bb4 Qb5 22. Rxd7 Qxd7 23. Qd1 Qc6 24. Rg1 g6 25. a3 f5 26. Qd2 Re8 27.
Ke2 f4 28. Rd1 b6 29. Qd5 Qf6 30. Qf3 g5 31. Kf1 Qf5 32. exf4 gxf4 33. Re1 Rg8
34. Re4 Qg5 35. Rxf4 Qb5+ 36. Rc4 Qxc4+ 37. Qe2 Rg1+ 0-1

[Event "26. Copenhagen Open  (Politiken Cup)"]
[Site "Taastrup"]
[Date "2004.07.28"]
[Round "6"]
[White "Forsaa, Espen"]
[Black "Johansen, Paul"]
[Result "1/2-1/2"]
[WhiteElo "2027"]
[BlackElo "2117"]
[PlyCount "69"]
[EventDate "2004.07.24"]
[EventType "swiss"]
[EventRounds "10"]
[EventCountry "DEN"]
[SourceDate "2004.01.01"]

1. c4 Nf6 2. Nc3 e6 3. g3 c5 4. Bg2 Nc6 5. Nf3 d5 6. cxd5 Nxd5 7. O-O Be7 8. d3
O-O 9. Bd2 Re8 10. Rc1 Nxc3 11. Bxc3 Nb4 12. Bxb4 cxb4 13. d4 Qa5 14. Qb3 Bd7
15. Ne5 Ba4 16. Qf3 f6 17. Nc4 Qd8 18. Qxb7 Qxd4 19. b3 Rab8 20. Qa6 Bb5 21.
Qxe6+ Kh8 22. Rfd1 Bxc4 23. Qxc4 Qxc4 24. Rxc4 Red8 25. Rdc1 Bd6 26. f4 Kg8 27.
Kf2 Kf7 28. Bd5+ Kg6 29. e4 h5 30. Kf3 Kh6 31. Rc6 Rb6 32. Rc8 Rxc8 33. Rxc8
Rb8 34. Rc6 Rb6 35. Rc8 1/2-1/2

[Event "26. Copenhagen Open  (Politiken Cup)"]
[Site "Taastrup"]
[Date "2004.07.28"]
[Round "6"]
[White "Forsmann, Henning"]
[Black "Mossin, Ivar Alexander"]
[Result "1-0"]
[WhiteElo "1641"]
[BlackElo "1000"]
[PlyCount "55"]
[EventDate "2004.07.24"]
[EventType "swiss"]
[EventRounds "10"]
[EventCountry "DEN"]
[SourceDate "2004.01.01"]

1. Nf3 d5 2. g3 Nf6 3. Bg2 Bg4 4. O-O e6 5. c4 Nbd7 6. cxd5 Nxd5 7. Nc3 N7f6 8.
d3 c6 9. Qb3 Qc7 10. e4 Nxc3 11. Qxc3 Be7 12. b4 Bxf3 13. Bxf3 Nxe4 14. Bxe4
Bf6 15. d4 O-O-O 16. Be3 Qb6 17. Rfd1 Rd6 18. a4 Rhd8 19. a5 Qc7 20. Rd2 Qd7
21. Rad1 a6 22. Qc5 h6 23. Qa7 Qc7 24. Kg2 Qb8 25. Qxb8+ Kxb8 26. Bf4 e5 27.
dxe5 Rxd2 28. exf6+ 1-0

[Event "26. Copenhagen Open  (Politiken Cup)"]
[Site "Taastrup"]
[Date "2004.07.28"]
[Round "6"]
[White "Frank Nielsen, Marie"]
[Black "Kotiranta, Vinni"]
[Result "1-0"]
[WhiteElo "1895"]
[BlackElo "1150"]
[PlyCount "35"]
[EventDate "2004.07.24"]
[EventType "swiss"]
[EventRounds "10"]
[EventCountry "DEN"]
[SourceDate "2004.01.01"]

1. e4 e5 2. d4 Nf6 3. dxe5 Nxe4 4. Bd3 Nc5 5. Nf3 d6 6. O-O Bg4 7. Re1 d5 8. h3
Be6 9. Nc3 Nbd7 10. Nd4 g6 11. Nxe6 fxe6 12. Qg4 Bg7 13. Bg5 h5 14. Bxg6+ Kf8
15. Qf4+ Nf6 16. exf6 Qd6 17. fxg7+ Kxg7 18. Qf7# 1-0

[Event "26. Copenhagen Open  (Politiken Cup)"]
[Site "Taastrup"]
[Date "2004.07.28"]
[Round "6"]
[White "Fries Nielsen, Jens Ove"]
[Black "Pedersen, Gunnar"]
[Result "1/2-1/2"]
[WhiteElo "2398"]
[BlackElo "2251"]
[PlyCount "80"]
[EventDate "2004.07.24"]
[EventType "swiss"]
[EventRounds "10"]
[EventCountry "DEN"]
[SourceDate "2004.01.01"]

1. d4 d5 2. Bg5 c6 3. Nc3 h6 4. Bh4 Qb6 5. Rb1 Bf5 6. e3 e6 7. g4 Bh7 8. Nge2
Be7 9. Bg3 Nf6 10. Nf4 Nbd7 11. Bg2 c5 12. O-O cxd4 13. exd4 Rc8 14. Re1 Qc6
15. Nd3 O-O 16. f3 Ne8 17. f4 Bd6 18. f5 Bxg3 19. hxg3 Nc7 20. Nf4 Nf6 21. Re5
Rfe8 22. fxe6 fxe6 23. g5 hxg5 24. Rxg5 Nb5 25. Qe2 Nxc3 26. bxc3 Rc7 27. Qe5
Rf7 28. Re1 Be4 29. Bxe4 dxe4 30. Re3 Qa6 31. Qa5 Qxa5 32. Rxa5 b6 33. Rb5 Rc7
34. a4 Kf7 35. a5 bxa5 36. Rxa5 Rec8 37. c4 Rxc4 38. Rxa7+ R8c7 39. Rxc7+ Rxc7
40. c3 g5 1/2-1/2

[Event "26. Copenhagen Open  (Politiken Cup)"]
[Site "Taastrup"]
[Date "2004.07.28"]
[Round "6"]
[White "Greiff, Hakan"]
[Black "Andersen, Rune Egede"]
[Result "1-0"]
[WhiteElo "2253"]
[BlackElo "2092"]
[PlyCount "54"]
[EventDate "2004.07.24"]
[EventType "swiss"]
[EventRounds "10"]
[EventCountry "DEN"]
[SourceDate "2004.01.01"]

1. e4 e6 2. d4 d5 3. Nd2 Be7 4. exd5 exd5 5. Bd3 Nc6 6. c3 Nh6 7. Ndf3 Nf5 8.
Ne2 g5 9. Qc2 Nd6 10. Ng3 h5 11. Bd2 Be6 12. b3 h4 13. Ne2 g4 14. Ne5 Nxe5 15.
dxe5 Ne4 16. Bxe4 dxe4 17. O-O-O Bf5 18. Be3 Ba3+ 19. Kb1 Qe7 20. b4 Bxb4 21.
cxb4 Qxb4+ 22. Ka1 Qa5 23. Qc3 Qb5 24. Qb2 Qa5 25. e6 Rh5 26. Nf4 Rh6 27. Rd5
Qxa2+ 1-0

[Event "26. Copenhagen Open  (Politiken Cup)"]
[Site "Taastrup"]
[Date "2004.07.28"]
[Round "6"]
[White "Hansen, Erik Friberg"]
[Black "Hansen, John Laurids"]
[Result "0-1"]
[WhiteElo "1286"]
[BlackElo "1688"]
[PlyCount "131"]
[EventDate "2004.07.24"]
[EventType "swiss"]
[EventRounds "10"]
[EventCountry "DEN"]
[SourceDate "2004.01.01"]

1. c4 e5 2. Nc3 Nf6 3. d3 Bc5 4. e3 Nc6 5. g3 d6 6. Bg2 Bg4 7. Nf3 O-O 8. O-O
Re8 9. a3 Qd7 10. Qc2 a6 11. Re1 h6 12. e4 Nh7 13. Be3 Bxe3 14. fxe3 Ne7 15.
Rf1 Ng6 16. Nd5 Rad8 17. Rf2 c6 18. Nc3 Nf6 19. Raf1 b5 20. cxb5 axb5 21. b4
Ra8 22. Ra1 Ra6 23. Qc1 Rea8 24. Rc2 Bh3 25. Rca2 Be6 26. Rc2 Qa7 27. Nb1 Ne7
28. Kf2 Qd7 29. Qf1 Qa7 30. Qc1 Bg4 31. Ke2 Be6 32. Kf2 Bd7 33. Ke2 Ng6 34. Kf2
Nf8 35. Ke2 Ne6 36. Nfd2 c5 37. Nb3 cxb4 38. axb4 Rxa1 39. Nxa1 Qxa1 40. Kf3
Ra2 41. h3 Rxc2 42. Qxc2 Ne8 43. g4 Qa7 44. Nc3 N8c7 45. Qb3 Qa1 46. Ne2 Ng5+
47. Kf2 Na6 48. Qd5 Nxb4 49. Qxd6 Nxd3+ 50. Qxd3 Qa7 51. Qb3 Ne6 52. Nc3 Qc5
53. Kf3 Nc7 54. Bf1 Be6 55. Qb2 b4 56. Nb1 Qa5 57. Bd3 b3 58. Nc3 Na6 59. Bb1
Nb4 60. Ke2 Na2 61. Kd2 Nxc3 62. Qxc3 Qa3 63. Kd3 f6 64. Kd2 Qa6 65. Ke1 Qb6
66. Kd2 0-1